|
|
|
|
| LEADER |
01583nam a2200289 a 4500 |
| 001 |
00023837 |
| 008 |
111127r20112009ii a b 001 0 eng d |
| 020 |
|
|
|a 8121919878
|
| 040 |
|
|
|a BD-DhAAL
|c BD-DhAAL
|
| 082 |
0 |
0 |
|a 660.6
|2 22
|
| 100 |
1 |
|
|a Ramawat K.G.
|
| 245 |
1 |
0 |
|a Comprehensive Biotechnology /
|c K.G.Ramawat and Shaily Goyal
|
| 250 |
|
|
|a 4th revised ed.
|
| 260 |
|
|
|a New Delhi :
|b S. Chand & Company,
|c c2009.[Reprinted 2011]
|
| 300 |
|
|
|a xiii, 706 p. :
|b ill. ;
|c 24 cm.
|
| 500 |
|
|
|a For B.Sc and M.Sc students of different Indian universities as per UGC model curriculum
|
| 504 |
|
|
|a Includes bibliographical references (p.703-706) and index.
|
| 541 |
1 |
|
|e 00023837
|
| 650 |
|
0 |
|a Biotechnology.
|
| 700 |
1 |
|
|a Goyal Shaily.
|
| 852 |
1 |
|
|a Ayesha Abed Library
|j General shelf
|
| 942 |
0 |
0 |
|0 1
|
| 999 |
|
|
|c 11502
|d 11502
|
| 952 |
|
|
|0 0
|1 0
|4 0
|6 660_600000000000000_RAM
|7 0
|9 18695
|a BRACUL
|b BRACUL
|c GEN
|d 2011-11-27
|e Mullick & Brothers
|g 450.00
|l 12
|m 87
|o 660.6 RAM
|p 3010023837
|r 2025-12-22
|s 2025-12-15
|t 1
|w 2011-11-27
|y BK
|
| 952 |
|
|
|0 0
|1 0
|4 0
|6 660_600000000000000_RAM
|7 0
|9 18696
|a BRACUL
|b BRACUL
|c GEN
|d 2011-11-27
|e Mullick & Brothers
|g 450.00
|l 11
|m 50
|o 660.6 RAM
|p 3010023838
|r 2026-01-13
|s 2025-12-22
|t 2
|w 2011-11-27
|y BK
|
| 952 |
|
|
|0 0
|1 0
|4 0
|6 660_600000000000000_RAM
|7 0
|9 18697
|a BRACUL
|b BRACUL
|c GEN
|d 2011-11-27
|e Mullick & Brothers
|g 450.00
|l 8
|m 56
|o 660.6 RAM
|p 3010023839
|r 2025-10-07
|s 2025-02-08
|t 3
|w 2011-11-27
|y BK
|
| 952 |
|
|
|0 0
|1 0
|4 0
|6 660_600000000000000_RAM
|7 0
|9 18698
|a BRACUL
|b BRACUL
|c GEN
|d 2011-11-27
|e Mullick & Brothers
|g 450.00
|l 6
|m 12
|o 660.6 RAM
|p 3010023840
|r 2024-09-05
|s 2024-09-04
|t 4
|w 2011-11-27
|y BK
|